000 00606nam a2200205Ia 4500
005 20250508162011.0
008 008 250505s9999 xx 000 0 eng d
037 _aTextual
040 _aFEDL
_beng
_cFEDL
041 _aeng
_2eng
084 _a152.8, MAL
_qFEDL
100 _aMaloney Michael P.
_987669
245 0 _aPsychological assessment : A conceptual approach
260 _aNew York, USA
_bOxford University Press
_c1976
300 _axiv,422p.
650 _aPsychometry
_9441581
700 _a Ward Michael P.
_9772002
942 _cTEXL
_h152.8, MAL
999 _c1373753
_d1373753